| 000 | 01146nab a22002537a 4500 | ||
|---|---|---|---|
| 999 |
_c5934 _d5934 |
||
| 003 | OSt | ||
| 005 | 20260114010954.0 | ||
| 008 | 190605e xxu||||| |||| 00| 0 spa d | ||
| 040 | _cPJ | ||
| 100 |
_94584 _aMansilla, Alberto |
||
| 245 | 1 | 0 |
_aPrincipio de irrenunciabilidad y seguridad jurídica en el derecho del trabajo / _cAlberto Mansilla, Giuliana A. Alonso. |
| 260 |
_aCiudad Autónoma de Buenos Aires : _bThomson Reuters La Ley, _c2024. |
||
| 300 | _ap. 49-52 | ||
| 500 | _aCita: TR LALEY AR/DOC/262/2024. | ||
| 505 | _aSumario: I. Introducción.— II. La aventura de conciliar.— III. ¿Y la seguridad jurídica?— IV. El principio de equidad. | ||
| 505 | _t¿Te interesa el texto completo? Solicitalo al correo: koha@justierradelfuego.gov.ar | ||
| 650 | 0 |
_91316 _aDERECHO LABORAL |
|
| 650 | 0 |
_9179 _aGARANTIAS CONSTITUCIONALES › |
|
| 650 | 0 |
_91323 _aCONTRATO DE TRABAJO |
|
| 650 | 0 |
_91803 _aRELACIONES LABORALES |
|
| 700 |
_96787 _aAlonso, Giuliana A. |
||
| 773 | 0 |
_02711 _93168 _dCiudad Autónoma de Buenos Aires : Thomson Reuters La Ley, 1999-2002. _tRevista de derecho del trabajo. Nº 2 - Marzo 2024 |
|
| 942 |
_2udc _cANA |
||